000
00358nam a2200133Ia 4500
008
100328s9999 xx 000 0 und d
082
_b
55233
100
_a
लोणकर बी.एमे.
245
_a
माझी माणस
260
_b
नुतन
630
_a
माझी माणस
730
_a
माझी माणस
942
_c
BOOK
999
_c
541932
_d
541929